ARRUPE JESUIT UNIVERSITY

CORONAVIRUS -STOP THE SPREAD - CLEAN,DISINFECT,COVER

Galaxies : (Record no. 119232)

MARC details
000 -LEADER
fixed length control field 01295cam a2200301 a 4500
001 - CONTROL NUMBER
control field 15094529
003 - CONTROL NUMBER IDENTIFIER
control field ARRUPE
005 - DATE AND TIME OF LATEST TRANSACTION
control field 20131212141015.0
008 - FIXED-LENGTH DATA ELEMENTS--GENERAL INFORMATION
fixed length control field 071127s2008 nyua b 001 0 eng
010 ## - LIBRARY OF CONGRESS CONTROL NUMBER
LC control number 2007048695
020 ## - INTERNATIONAL STANDARD BOOK NUMBER
International Standard Book Number 9780199234349 (pbk.)
040 ## - CATALOGING SOURCE
Original cataloging agency DLC
Transcribing agency DLC
Modifying agency DLC
050 00 - LIBRARY OF CONGRESS CALL NUMBER
Classification number QB857
Item number .G846 2008
082 00 - DEWEY DECIMAL CLASSIFICATION NUMBER
Classification number 523.1/12
Edition number 22
300 ## - PHYSICAL DESCRIPTION
Other physical details ill. ;
Dimensions 18 cm.
100 1# - MAIN ENTRY--PERSONAL NAME
Personal name Gribbin, John,
Dates associated with a name 1946-
9 (RLIN) 5599
245 10 - TITLE STATEMENT
Title Galaxies :
Remainder of title a very short introduction /
Statement of responsibility, etc John Gribbin.
260 ## - PUBLICATION, DISTRIBUTION, ETC. (IMPRINT)
Place of publication, distribution, etc New York :
Name of publisher, distributor, etc Oxford University Press,
Date of publication, distribution, etc 2008.
300 ## - PHYSICAL DESCRIPTION
Extent 121 p. :
490 0# - SERIES STATEMENT
Series statement Very short introductions
504 ## - BIBLIOGRAPHY, ETC. NOTE
Bibliography, etc Includes bibliographical references (p. 116) and index.
505 0# - FORMATTED CONTENTS NOTE
Formatted contents note The great debate -- Stepping stones to the universe -- Our island -- Interlude : galactic mediocrity -- The expanding universe -- The material world -- The origin of galaxies -- The fate of galaxies.
650 #0 - SUBJECT ADDED ENTRY--TOPICAL TERM
Topical term or geographic name as entry element Galaxies.
9 (RLIN) 5600
650 #0 - SUBJECT ADDED ENTRY--TOPICAL TERM
Topical term or geographic name as entry element Cosmology.
9 (RLIN) 5601
856 41 - ELECTRONIC LOCATION AND ACCESS
Materials specified Table of contents only
Uniform Resource Identifier <a href="http://www.loc.gov/catdir/toc/ecip085/2007048695.html">http://www.loc.gov/catdir/toc/ecip085/2007048695.html</a>
906 ## - LOCAL DATA ELEMENT F, LDF (RLIN)
a 7
b cbc
c orignew
d 1
e ecip
f 20
g y-gencatlg
942 ## - ADDED ENTRY ELEMENTS (KOHA)
Source of classification or shelving scheme Library of Congress Classification
Koha item type Monograph ( Printed materials)
Holdings
Withdrawn status Lost status Source of classification or shelving scheme Damaged status Not for loan Home library Current library Shelving location Date acquired Total Checkouts Full call number Barcode Date last seen Price effective from Koha item type
    Library of Congress Classification     ARRUPE LIBRARY ARRUPE LIBRARY Main Collection 12/12/2013   QB857 .G846 2008 46500000111 02/07/2019 12/12/2013 Monograph ( Printed materials)

 

Arrupe Library. PO Box MP320 Mt Pleasant, Harare, Zimbabwe
263 242 745411|librarian@aju.ac.zw